000 00649nam a2200277Ia 4500
005 20260324150206.0
008 008 260324s9999 xx 000 0 eng d
020 _a9781315685557
037 _aEBOOK
040 _aCRL
040 _beng
040 _cCRL
041 _2eng
041 _aeng
084 _qCRL
100 _aBrian Bond
_91042869
245 4 _aThe Victorian Army and the Staff College 1854-1914
260 _bTaylor and Francis
260 _c1972
365 _a
365 _b205
856 _uhttp://www.taylorfrancis.com/books/9781315685557
942 _cEBOOK
999 _c1834613
_d1834613